000 00785nam a22002657a 4500
003 CHAP
005 20220329140524.0
008 971013s1905 r 00010 d
010 _a53288
011 _a54260
035 _a58411
040 _cCHAP
082 _a423
_bW39
245 _aWebster's International dictionary of the English language
260 _aSpringfield :
_bMerriam,
_c1905
300 _a238 p.
_b: ilus.
590 _aBATCH-UPD
_b10
_c20130110
_lUCH01
_h1903
590 _aBATCH-UPD
_b10
_c20130410
_lUCH01
_h1230
590 _aBATCH-UPD
_b10
_c20130914
_lUCH01
_h1642
590 _aCONVERSION
_b10
_c20130109
_lUCH01
_h1329
650 1 4 _aInglés
_xDiccionarios.
_958332
901 _aBK
942 _cLIBRO
949 _a423 W39
_bBC
_cBPA
_d-126782
_eBPA
_h7193
_i58411
_mD
_si
999 _c53288
_d53288